| 000 | 00977nam a2200229Ia 4500 | ||
|---|---|---|---|
| 999 |
_c55898 _d55898 |
||
| 001 | 22996 | ||
| 003 | GE_BSU | ||
| 005 | 20230622171519.0 | ||
| 008 | 181216s1950||||ge |||||||||||||| ||geo|| | ||
| 040 | _cGE_BSU | ||
| 041 | _ageo | ||
| 080 | _a821.353.1-84(038) ს-36 | ||
| 100 |
_aსახოკია, თედო _93401 |
||
| 245 |
_aქართული ხატოვანი სიტყვა-თქმანი. ტ. 1 : ა - ლ / _cთედო სახოკია ; შოთა ძიძიგურის რედაქ1ციით. |
||
| 264 |
_aთბილისი : _bსახელგამი, _c1950. |
||
| 300 |
_a232 გვ. ; _c27 სმ. |
||
| 541 | _h4 ლ. | ||
| 653 | _aქართული ენა | ||
| 653 | _aქართული ხატოვანი სიტყვა-თქმანი. ტ. 1 : ა - ლ | ||
| 700 |
_aძიძიგური, შოთა _eრედაქტორი _918909 |
||
| 942 |
_cBK _2udc |
||